| 000 | 00000nam##2200000za#4500 |
| 001 | 9.661753 |
| 003 | CaOODSP |
| 005 | 20210615120218 |
| 007 | ta |
| 008 | 150407|2000||||xxc||||| f|0| 0 eng|d |
| 020 | |a0-662-64878-1 |
| 022 | |a1482-9770 |
| 040 | |aCaOODSP|beng |
| 041 | |aeng |
| 041 | |afre |
| 043 | |an-cn--- |
| 086 | 1 |aA21-44/2000 |
| 110 | 1 |aCanada. |bAgriculture and Agri-Food Canada. |
| 245 | 10|aFarm income, financial conditions and government assistance: data book |
| 260 | |aOttawa - Ontario : |bAgriculture and Agri-Food Canada |c2000. |
| 300 | |aEnglish text, ix, 90p. : |bgraphs, tables ; |c28 cm. |
| 500 | |aContents: Introduction.--Farm income.--Methodology for farm income.--Farm financial conditions.--Methodology for farm financial conditions.--Government expenditures in support of the agri-food sector.--Methodology for government expenditures.--Government transfers to agricultural producers.--Methodology for government transfers. |
| 546 | |aBilingual |
| 563 | |aSpiral binding |
| 590 | |a00-18|b2000-05-05 |
| 690 | 07|aPublic expenditures|2gcpds |
| 690 | 07|aFarming|2gcpds |
| 690 | 07|aAgri-food industry|2gcpds |
| 690 | 07|aFunding|2gcpds |
| 776 | 0#|tRevenu agricole, conditions financières et aide gouvernementale : |w(CaOODSP)9.637691 |
| 776 | 0#|tFarm income, financial conditions and government assistance : |w(CaOODSP)9.693513 |
| 792 | |tRevenu agricole, situation financière et aide gouvernementale: recueil de données |efre|w(CaOODSP)9.661754 |